000 00489nam a2200193Ia 4500
005 20250923150139.0
008 008 250917s9999 xx 000 0 eng d
037 _aTextual
040 _aDSWL
_beng
_cDSWL
041 _aeng
_2eng
084 _qDSWL
245 0 _aHuman development report 2003
_c by Undp
260 _aNew Delhi
_b Oxford University Press India
_c2003
300 _a367p.
365 _aINR
_b495
925 _g495
942 _cTEXL
999 _c1460094
_d1460094